Député·e·s LIOT et Non Inscrits (2024) - Images - Statistiques

Statistiques générales
  • Ce quiz a été pris 22 fois
  • Le résultat moyen est 15 sur 31
Statistiques - réponses
Par images Hint Réponse % Correct
Marne 5e (LIOT) Charles de Courson
94%
Vienne 2e (NI) Sacha Houlié
81%
Mayotte 1re (LIOT) Estelle Youssouffa
75%
Lot 1re (NI) Aurélien Pradié
63%
Morbihan 4e (LIOT) Paul Molac
63%
Pyrénées-Atlantiques 3e (LIOT) David Habib
56%
Ariège 2e (LIOT) Laurent Panifous
56%
Ariège 1re (LIOT) Martine Froger
56%
Haute-Corse 1re (LIOT) Michel Castellani
56%
Guadeloupe 1re (LIOT) Olivier Serva
56%
Saint-Pierre-et-Miquelon 1re (LIOT) Stéphane Lenormand
56%
Loiret 3e (LIOT) Constance de Pélichy
50%
Yonne 1re (NI) Daniel Grenon
50%
Corse-du-Sud 2e (LIOT) Paul-André Colombani
50%
Haut-Rhin 1re (NI) Raphaël Schellenberger
50%
Maine-et-Loire 2e (NI) Stella Dupont
50%
Vendée 4e (NI) Véronique Besse
50%
Vosges 3e (LIOT) Christophe Naegelen
44%
Gers 2e (LIOT) David Taupiac
44%
Ardennes 3e (LIOT) Jean-Luc Warsmann
44%
Guadeloupe 3e (LIOT) Max Mathiasin
44%
Loire-Atlantique 10e (NI) Sophie Errante
38%
Vosges 1re (LIOT) Stéphane Viry
38%
Mayenne 3e (LIOT) Yannick Favennec-Bécot
38%
Eure-et-Loir 3e (LIOT) Harold Huwart
31%
Calvados 1re (LIOT) Joël Bruneau
31%
Polynésie Française 2e (LIOT) Nicole Sanquer
31%
Tarn 1re (NI) Philippe Bonnecarrère
25%
Nord 15e (LIOT) Jean-Pierre Bataille
19%
Yvelines 11e (LIOT) Laurent Mazaury
19%
Nord 21e (LIOT) Salvatore Castiglione
19%
Aucun quiz correspondant
Distribution des résultats
% des personnes avec chaque résultat
Percentile par nombre de réponses
Votre historique - résultats
Vous n’avez pas pris ce quiz